00515nam a2200121Ia 4500082001200000100001500012245018200027260003600209300000900245650006400254650005200318710002300370 aTR.0284 aRane, Usha 0aStudy of women's participation in integrated rural development programme during 1985-86 of the sixth five year plan period in seven selected blocks of Vadodara district, gujarat c1987bM.S. University of Baroda av.p. aINTEGRATED RURAL DEVELOPMENT PROGRAMME - GUJARAT - VADODARA aWOMEN IN RURAL DEVELOPMENT - GUJARAT - VADODARA aParalikar, Kalpana